|
|
|
|
| LEADER |
01981nam a2200469 a 4500 |
| 001 |
000720290 |
| 003 |
CZ BrMZK |
| 005 |
20090612145414.0 |
| 007 |
ta |
| 008 |
040607s2004 xr e 000 0 cze |
| 015 |
|
|
|a cnb001313267
|
| 020 |
|
|
|a 80-7325-033-0
|q (brož.) :
|c Kč 198,00
|
| 035 |
|
|
|a (OCoLC)56975696
|
| 040 |
|
|
|a ABA001
|b cze
|d BOA001
|
| 072 |
|
7 |
|a 321
|x Politologie
|2 Konspekt
|9 15
|
| 080 |
|
|
|a 329.055.4
|2 MRF
|
| 080 |
|
|
|a 323.21
|2 MRF
|
| 080 |
|
|
|a 316.48
|2 MRF
|
| 080 |
|
|
|a 323.22:316.422
|2 MRF
|
| 080 |
|
|
|a (048.8)
|2 MRF
|
| 080 |
|
|
|a 321.01
|2 MRF
|
| 100 |
1 |
|
|a Barša, Pavel,
|d 1960-
|7 jn20000400095
|4 aut
|
| 245 |
1 |
0 |
|a Levice v postrevoluční době :
|b občanská společnost a nová sociální hnutí v radikální politické teorii 20. století /
|c Pavel Barša a Ondřej Císař
|
| 250 |
|
|
|a 1. vyd.
|
| 260 |
|
|
|a Brno :
|b Centrum pro studium demokracie a kultury,
|c 2004
|
| 300 |
|
|
|a 210 s. ;
|c 20 cm
|
| 490 |
1 |
|
|a Politika a společnost ;
|v sv. 5
|
| 500 |
|
|
|a Dostupné též v digitální podobě v aplikaci Kramerius
|
| 650 |
0 |
7 |
|a občanská společnost
|7 ph123633
|2 czenas
|
| 650 |
0 |
7 |
|a sociální hnutí
|7 ph116205
|y 20. stol.
|2 czenas
|
| 650 |
0 |
7 |
|a politické teorie
|7 ph115791
|y 20. stol.
|2 czenas
|
| 650 |
0 |
7 |
|a antiglobalizační hnutí
|7 ph234809
|2 czenas
|
| 650 |
0 |
7 |
|a levice
|7 ph122281
|2 czenas
|
| 655 |
|
7 |
|a studie
|7 fd133597
|2 czenas
|
| 700 |
1 |
|
|a Císař, Ondřej,
|d 1974-
|7 xx0022048
|4 aut
|
| 830 |
|
0 |
|a Politika a společnost
|0 s
|
| 856 |
4 |
1 |
|u http://www.digitalniknihovna.cz/mzk/uuid/uuid:fec477c0-5f80-11e6-8e4e-005056827e51
|y Digitalizovaný dokument
|x NDK
|
| 910 |
|
|
|a BOA001
|b 2-1137.746
|
| 990 |
|
|
|a BK
|
| 996 |
6 |
|
|b 2610222878
|c 2-1137.746
|l MZK
|r Sklad / do 1 hodiny
|n 2
|p p.v.
|w 000720290
|u 000010
|a 1
|e BOA001
|j MZK50
|s P
|
| 996 |
7 |
|
|b 2610224832
|c 2-1137.746
|l MZK
|r Sklad / do 1 hodiny
|n 33
|p kup
|w 000720290
|u 000020
|a 1
|e BOA001
|j MZK50
|s A
|
| 996 |
7 |
|
|b 2610224839
|c 2-1137.746
|l MZK
|r Sklad / do 1 hodiny
|n 35
|p kup
|w 000720290
|u 000030
|a 1
|e BOA001
|j MZK50
|s A
|